000 nam a22 7a 4500
999 _c233546
_d233546
005 20170308163200.0
008 170308b xxu||||| |||| 00| 0 eng d
040 _c.
082 _aBB-325
100 _aCanonsburg
245 _aAnsys
_cCanonsburg
260 _aUSA
_c2009.
300 _a52 p. ;
942 _2ddc
_cBK